Vedenie jednoduchého účtovníctva 2012 praktická príručka

Guardado en:
Detalles Bibliográficos
Autor principal: Gášpárová, Eva
Formato: Libro
Lenguaje:eslovaco
Publicado: Žilina Poradca podnikateľa 2012
Materias:
Etiquetas: Agregar Etiqueta
Sin Etiquetas, Sea el primero en etiquetar este registro!

MARC

LEADER 00000nam a2200000 4500
001 0151413
005 20240318115402.3
020 |a 978-80-89363-57-5 
041 0 |a slo 
044 |a SK 
245 1 0 |a Vedenie jednoduchého účtovníctva 2012  |b praktická príručka  |c Eva Gášpárová 
264 1 |a Žilina  |b Poradca podnikateľa  |c 2012 
300 |a 104 s. 
610 2 0 |a účtovníctvo jednoduché 
610 2 0 |a doklady účtovné 
610 2 0 |a účtovanie 
610 2 0 |a dane z príjmov 
610 2 0 |a výdavky 
610 2 0 |a dane z hodnoty pridanej 
610 2 0 |a operácie účtovné 
610 2 0 |a uzávierka účtovná 
610 2 0 |a inventarizácia 
610 2 0 |a zákony 
610 2 0 |a Slovensko 
100 1 |a Gášpárová, Eva